000 00691nam a2200229 i 4500
001 83635
003 ES-MaACL
005 20250827062613.0
007 t|
008 041117s1978 sp ||||0| spa d
040 _aM-BN
_bspa
_cM-BN
110 1 _aEspaña
_93622
245 1 0 _aInversiones extranjeras en España :
_b[Decreto 3021/1974 de 31 de octubre].
250 _a[1ª ed.].
260 _aMadrid :
_bBoletín Oficial del Estado,
_c1978.
300 _a251 p. ;
_c17 cm.
490 1 _aTextos legales ;
_v64
650 0 4 _aInversiones extranjeras-
_zEspaña.
_913889
830 0 _aTextos legales ;
_v64
_9178122
852 _aES-MaACL
_jC-13747
_bR.100770
999 _c83635
_d83635